Cuentos de Andersen / (Record no. 23732)

MARC details
000 -LEADER
campo de control de longitud fija 00639nam a2200193 i 4500
001 - NÚMERO DE CONTROL
campo de control 23732
003 - IDENTIFICADOR DE NÚMERO DE CONTROL
campo de control ES-MaACL
005 - FECHA Y HORA DE LA ÚLTIMA TRANSACCIÓN
campo de control 20250820122621.0
007 - CAMPO FIJO DE DESCRIPCIÓN FÍSICA--INFORMACIÓN GENERAL
campo de control de longitud fija t|
008 - DATOS DE LONGITUD FIJA--INFORMACIÓN GENERAL
campo de control de longitud fija 021212s1908 sp ||||1| spa d
100 1# - ENTRADA PRINCIPAL--NOMBRE DE PERSONA
Nombre de persona Andersen, Hans Christian.
9 (RLIN) 21434
245 10 - MENCIÓN DEL TÍTULO
Título Cuentos de Andersen /
Mención de responsabilidad, etc. Hans Christian Andersen ; traducción de J. Roca y Roca ; dibujos de Apeles y Mestres.
260 ## - PUBLICACIÓN, DISTRIBUCIÓN, ETC.
Lugar de publicación, distribución, etc. Barcelona :
Nombre del editor, distribuidor, etc. [s.n.,
Fecha de publicación, distribución, etc. 1908] (
Fabricante Maneci)
300 ## - DESCRIPCIÓN FÍSICA
Extensión 366 p. ;
Dimensiones 19 cm.
600 14 - PUNTO DE ACCESO ADICIONAL DE MATERIA--NOMBRE DE PERSONA
Nombre de persona Mestres, Apeles,
Fechas asociadas al nombre 1854-1936
9 (RLIN) 140420
700 1# - ENTRADA AGREGADA--NOMBRE PERSONAL
Nombre de persona Roca i Roca, Josep,
Fechas asociadas al nombre 1848-1924
9 (RLIN) 159948
852 ## - LOCALIZACIÓN
Ubicación ES-MaACL
Número de control de estantería B-1043
Holdings
Estatus retirado Estado de pérdida Estado de daño No para préstamo Biblioteca de origen Biblioteca actual Ubicación en estantería Fecha de adquisición Fuente de adquisición Total de préstamos Signatura topográfica completa Código de barras Visto por última vez Precio de reemplazo Tipo de ítem Koha
        Biblioteca del Ateneo de Madrid Biblioteca del Ateneo de Madrid Sala Pardo Bazán 17/01/2008     B-1043 1024456 23/02/2023 23/02/2023 Libro impreso